La production du gaz d'éclairage / (Record no. 32622)

MARC details
000 -LEADER
campo de control de longitud fija 00524nam a2200157 i 4500
001 - NÚMERO DE CONTROL
campo de control 32622
003 - IDENTIFICADOR DE NÚMERO DE CONTROL
campo de control ES-MaACL
007 - CAMPO FIJO DE DESCRIPCIÓN FÍSICA--INFORMACIÓN GENERAL
campo de control de longitud fija t|
008 - DATOS DE LONGITUD FIJA--INFORMACIÓN GENERAL
campo de control de longitud fija 030131m19141921fr ||||1| fre d
100 1# - ENTRADA PRINCIPAL--NOMBRE DE PERSONA
Nombre de persona Bertelsmann, Wilhelm.
9 (RLIN) 28436
245 13 - MENCIÓN DEL TÍTULO
Título La production du gaz d'éclairage /
Mención de responsabilidad, etc. par Wilhelm Bertelsmann ; traduction française... par Jacques Bouvier.
260 ## - PUBLICACIÓN, DISTRIBUCIÓN, ETC.
Lugar de publicación, distribución, etc. París :
Nombre del editor, distribuidor, etc. [s.n.,
Fecha de publicación, distribución, etc. 1914-21] (
Lugar de fabricación/manufactura Evreux :
Fabricante Ch. Herissey)
300 ## - DESCRIPCIÓN FÍSICA
Extensión 652 p., 12 lám. ;
Dimensiones 25 cm.
700 1# - ENTRADA AGREGADA--NOMBRE PERSONAL
Nombre de persona Bouvier, Jacques.
9 (RLIN) 31085
852 ## - LOCALIZACIÓN
Ubicación ES-MaACL
Número de control de estantería B-4397
Holdings
Estatus retirado Estado de pérdida Estado de daño No para préstamo Biblioteca de origen Biblioteca actual Ubicación en estantería Fecha de adquisición Fuente de adquisición Total de préstamos Signatura topográfica completa Código de barras Visto por última vez Precio de reemplazo Tipo de ítem Koha
        Biblioteca del Ateneo de Madrid Biblioteca del Ateneo de Madrid Sala Pardo Bazán 17/01/2008     B-4397 1033825 23/02/2023 23/02/2023 Libro impreso